LEADER 00979nam a2200229 i 4500 001 000000162019 003 CaOOAMICUS 005 20070605000000.0 008 070605s1934 it u000 u fre u 013 $a139383 040 $aSeMil$bita 100 1 $aTruc, Gonzague <1877-1972>.$0(OLS)http://semarc/name/21168 245 10$aBossuet :$bet le classicisme religeux /$cGonzague Truc. 260 $aParis :$bDenoël et Steele,$c1934. 300 $a238 p. ;$c21 cm. 490 0 $aLes maitres de la pensée religieuse ;$v4 600 14$aBossuet, Jacques-Bénigne .$0(OLS)http://semarc/subject/3592 830 4$aLes maitres de la pensée religieuse ;$v4.$0(OLS)http://semarc/title/23724 850 $aSeMil 852 $aSeMil$W1$xVenegono$y1$m1R II 34$j239588$B113396$CSeMilBibl$Z2$F124021 $81 996 $6245$aBossuet :$bet le classicisme religeux$9(OLS)http://semarc/title/145473 996 $6260$aParis :$bDenoël et Steele$9(OLS)http://semarc/publisher/34753 LEADER 00909nam a2200253 i 4500 001 000000170024 003 CaOOAMICUS 005 20080314000000.0 008 080314s1979 it u000 u ita u 013 $a147429 040 $aSeMil$bita 100 1 $aCompagnone, Luigi.$0(OLS)http://semarc/name/41315 245 12$aL'allegria dell'orco :$bromanzo /$cLuigi Compagnone. 260 $aMilano :$bRusconi,$c1979. 300 $a165 p. ;$c21 cm. 490 0 $aNarrativa Rusconi 500 $aFondo Card. Giovanni Colombo. 830 0$aNarrativa Rusconi.$0(OLS)http://semarc/title/7305 850 $aSeMil 852 $aSeMil$W1$xVenegono$y1$m1A IV 207$j236051$B120922$CSeMilBibl$Z2$F132503 $81 941 1 $a3 961 $aLascito: Colombo Card. Giovanni 996 $6245$aL'allegria dell'orco :$bromanzo$9(OLS)http://semarc/title/243146 996 $6260$aMilano :$bRusconi$9(OLS)http://semarc/publisher/30258